00607nam a22001817a 450000500170000001000150001702000260003203500140005803700130007208200110008510000150009624500850011126000520019627001030024830000320035150000200038370000220040320180123121651.0 aENG-122144 a9789387067028c675.00 aEN-105676 bDBAD/PUB a005.74 aBryla, Bob aOracle database 12c release 2 new features /cby Bob Bryla and Robert G. Freeman aTamil NadubMcGraw Hill Education (India)c2017 a444/1, Sri Ekambara Naicker Industrial Estate, Alapakkam, Porur, Chennai-600116, Tamil Nadu, India axvi, 283p.c24cm(pbk)bill. aincludes index. dRobert G. Freeman